| 000 | 00646cam a22002171 4500 | ||
|---|---|---|---|
| 001 | he 68002134 | ||
| 003 | DLC | ||
| 005 | 20260227111501.0 | ||
| 008 | 841029s1966 is 000 0 heb | ||
| 010 | _ahe 68002134 | ||
| 035 | _a(OCoLC)19195420 | ||
| 040 |
_aDLC _cMH _dDLC |
||
| 042 | _apremarc | ||
| 050 | 0 | 0 |
_aPJ5038 _b.S2 |
| 100 | 1 |
_aSadan, Dov, _d1902-1989. |
|
| 245 | 1 | 0 |
_aḲitʻe ḳeriʼah : _ble-shiʻuro...mavo le-sifrut ha-dorot ha-aḥaronim : maḥzor bet... |
| 260 |
_aTel Aviv : _bMifʻal ha-shikhpul, _c727 [1966 or 1962] |
||
| 300 |
_a98 p. ; _c24 cm. |
||
| 650 | 0 | _aHebrew literature, Modern. | |
| 752 |
_aIsrael _dTel Aviv |
||
| 999 |
_c33513 _d33513 |
||